Sports Quiz

Random Sports or Baseball Quiz

MLB Hit Leaders by Franchise Quiz Stats

 Plays Quiz Updated Oct 12, 2018

Challenge
Share
Tweet
Embed
Score 0/150 Timer 15:00
18 Plays Today
Rank Player % Correct
New York YankeesDerek Jeter
88.9%
Cincinnati RedsPete Rose
87.5%
Boston Red SoxTed Williams
86.3%
New York YankeesBernie Williams
85.2%
Chicago CubsBilly Williams
85.1%
Baltimore OriolesCal Ripken
84.9%
Atlanta BravesChipper Jones
84.2%
New York YankeesBabe Ruth
83.7%
Atlanta BravesHank Aaron
83.5%
New York MetsCleon Jones
82.8%
Arizona DiamondbacksLuis Gonzalez
79.4%
Houston AstrosCraig Biggio
78.7%
Texas RangersJuan Gonzalez
78.6%
Kansas City RoyalsGeorge Brett
77.8%
Detroit TigersTy Cobb
77%
Seattle MarinersKen Griffey Jr.
76.8%
San Francisco GiantsWillie Mays
75.8%
Houston AstrosJeff Bagwell
75.8%
San Francisco GiantsBarry Bonds
75.3%
New York YankeesLou Gehrig
74.8%
San Diego PadresTony Gwynn
74.7%
Colorado RockiesTodd Helton
74%
Pittsburgh PiratesRoberto Clemente
73%
New York YankeesMickey Mantle
72.4%
Baltimore OriolesBrooks Robinson
71.9%
Milwaukee BrewersRobin Yount
69%
St. Louis CardinalsStan Musial
68.2%
Texas RangersIvan Rodriguez
68.2%
Chicago CubsErnie Banks
67.4%
Philadelphia PhilliesMike Schmidt
67.3%
Minnesota TwinsKirby Puckett
66.6%
Chicago White SoxFrank Thomas
66.1%
Seattle MarinersIchiro Suzuki
65%
Boston Red SoxCarl Yastrzemski
62.3%
Colorado RockiesLarry Walker
61.6%
Milwaukee BrewersPaul Molitor
59.6%
Washington NationalsGary Carter
58.9%
Seattle MarinersEdgar Martinez
58.9%
Cincinnati RedsJohnny Bench
58.1%
Oakland AthleticsRickey Henderson
55.9%
Boston Red SoxWade Boggs
54.8%
Chicago CubsRyne Sandberg
54.2%
Detroit TigersAl Kaline
52.2%
Tampa Bay RaysCarl Crawford
51.9%
Detroit TigersSam Crawford
51.5%
San Francisco GiantsWillie McCovey
51.5%
Texas RangersMichael Young
51.3%
Baltimore OriolesAdam Jones
49.2%
Baltimore OriolesEddie Murray
49.1%
Minnesota TwinsJoe Mauer
48.9%
Rank Player % Correct
Los Angeles AngelsGarret Anderson
47.9%
Oakland AthleticsBob Johnson
47.8%
Toronto Blue JaysGeorge Bell
47.2%
Pittsburgh PiratesHonus Wagner
46.7%
Chicago White SoxNellie Fox
45.8%
Boston Red SoxJim Rice
45.5%
Minnesota TwinsSam Rice
45.2%
Houston AstrosLance Berkman
44.7%
Washington NationalsAndre Dawson
44.5%
Kansas City RoyalsWillie Wilson
42.6%
Colorado RockiesDante Bichette
39.5%
Atlanta BravesHerman Long
39.2%
Los Angeles DodgersDuke Snider
37.8%
San Francisco GiantsMel Ott
37%
Toronto Blue JaysCarlos Delgado
36.2%
New York MetsJose Reyes
36%
Cincinnati RedsBarry Larkin
35.9%
St. Louis CardinalsLou Brock
35.5%
Texas RangersRafael Palmeiro
35.3%
Atlanta BravesEddie Mathews
35.2%
Los Angeles AngelsTim Salmon
35.2%
Chicago CubsMark Grace
34.9%
Los Angeles DodgersSteve Garvey
34.9%
San Diego PadresDave Winfield
34.7%
Miami MarlinsGiancarlo Stanton
34.1%
Kansas City RoyalsFrank White
33.9%
Chicago CubsCap Anson
33.4%
Los Angeles DodgersPee Wee Reese
32.1%
Seattle MarinersJay Buhner
31.8%
Cleveland IndiansTris Speaker
30.8%
St. Louis CardinalsRogers Hornsby
30.7%
Los Angeles DodgersWillie Davis
30.6%
Seattle MarinersAlvin Davis
30.6%
Washington NationalsTim Raines
29.7%
Cleveland IndiansNap Lajoie
28.9%
St. Louis CardinalsAlbert Pujols
28.5%
Miami MarlinsHanley Ramirez
28.5%
Tampa Bay RaysAubrey Huff
27.5%
Boston Red SoxDwight Evans
27.4%
New York MetsDavid Wright
27.2%
Chicago White SoxPaul Konerko
27.2%
Pittsburgh PiratesPaul Waner
25.7%
Colorado RockiesVinny Castilla
25.5%
Cincinnati RedsDave Concepcion
25.4%
Miami MarlinsJeff Conine
24.7%
Toronto Blue JaysVernon Wells
24.4%
Colorado RockiesCarlos Gonzalez
23.9%
Philadelphia PhilliesJimmy Rollins
23%
Miami MarlinsMike Lowell
22.5%
Arizona DiamondbacksPaul Goldschmidt
22.3%
Rank Player % Correct
Philadelphia PhilliesRichie Ashburn
22.2%
Miami MarlinsLuis Castillo
20.6%
Milwaukee BrewersCecil Cooper
20.6%
Chicago White SoxLuke Appling
20.1%
Houston AstrosJose Cruz
19.2%
Chicago White SoxEddie Collins
19.2%
Arizona DiamondbacksSteve Finley
19%
Detroit TigersCharlie Gehringer
18.9%
Tampa Bay RaysB.J. Upton
18.3%
Tampa Bay RaysEvan Longoria
18%
Toronto Blue JaysTony Fernandez
17.9%
Baltimore OriolesGeorge Sisler
17.8%
Oakland AthleticsAl Simmons
17.4%
Washington NationalsRyan Zimmerman
17%
New York MetsEd Kranepool
15.1%
Milwaukee BrewersRyan Braun
15.1%
Kansas City RoyalsHal McRae
15%
Washington NationalsTim Wallach
14.5%
Los Angeles AngelsDarin Erstad
14.1%
Arizona DiamondbacksMiguel Montero
13.7%
Kansas City RoyalsAmos Otis
13.5%
St. Louis CardinalsEnos Slaughter
13.4%
Los Angeles DodgersZack Wheat
13.1%
Oakland AthleticsBert Campaneris
12.2%
Houston AstrosCesar Cedeno
11.9%
Pittsburgh PiratesPie Traynor
11.3%
Tampa Bay RaysBen Zobrist
10.8%
San Diego PadresChase Headley
10.6%
Detroit TigersHarry Heilmann
10%
Los Angeles AngelsBrian Downing
9.6%
San Francisco GiantsBill Terry
9.3%
Toronto Blue JaysLloyd Moseby
9.2%
Philadelphia PhilliesEd Delahanty
8.7%
Milwaukee BrewersJim Gantner
8.5%
San Diego PadresGarry Templeton
8%
Cleveland IndiansEarl Averill
8%
Texas RangersElvis Andrus
7.5%
Los Angeles AngelsJim Fregosi
7.2%
Arizona DiamondbacksStephen Drew
6.5%
New York MetsEdgardo Alfonzo
6.2%
Cincinnati RedsBid McPhee
6%
Pittsburgh PiratesMax Carey
5.2%
Philadelphia PhilliesDel Ennis
4.1%
Cleveland IndiansJoe Sewell
3.9%
San Diego PadresGene Richards
3.2%
Minnesota TwinsJoe Judge
3%
Minnesota TwinsClyde Milan
2.6%
Atlanta BravesFred Tenney
2.5%
Oakland AthleticsJimmy Dykes
1.9%
Cleveland IndiansCharlie Jamieson
1.8%

You're not logged in!

Compare scores with friends on all Sporcle quizzes.
OR
Log In

You Might Also Like...

Show Comments

Extras

Top Quizzes Today


Score Distribution

Your Account Isn't Verified!

In order to create a playlist on Sporcle, you need to verify the email address you used during registration. Go to your Sporcle Settings to finish the process.

Report this User

Report this user for behavior that violates our Community Guidelines.

Details: